দ্য প্রিন্স / (Record no. 13106)
[ view plain ]
| 000 -LEADER | |
|---|---|
| fixed length control field | 00843nam a2200253 a 4500 |
| 001 - CONTROL NUMBER | |
| JCCL Control Number | 13106 |
| 003 - CONTROL NUMBER IDENTIFIER | |
| JCCL marc code | BD-JhCC |
| 005 - DATE AND TIME OF LATEST TRANSACTION | |
| control field | 20230711081404.0 |
| 008 - FIXED-LENGTH DATA ELEMENTS--GENERAL INFORMATION | |
| fixed length control field | 230710b2018 bg |||| ||a| 001 0 ben d |
| 020 ## - INTERNATIONAL STANDARD BOOK NUMBER | |
| International Standard Book Number | 9789843411853 |
| 035 ## - SYSTEM CONTROL NUMBER | |
| system control number | (BD-JhCC)13106 |
| 040 ## - CATALOGING SOURCE | |
| Original cataloging agency | BD-JhCC |
| Modifying agency | BD-JhCC |
| 041 ## - LANGUAGE CODE | |
| Language code of Book | Bengali |
| 082 ## - DEWEY DECIMAL CLASSIFICATION NUMBER | |
| Classification number | 320.1 |
| Author mark and Year | MAC 2018 |
| 100 ## - MAIN ENTRY--PERSONAL NAME | |
| Personal name | ম্যাকিয়াভেলী, নিকোলো |
| 245 ## - TITLE STATEMENT | |
| Title | দ্য প্রিন্স / |
| Statement of responsibility, etc | নিকোলো ম্যাকিয়াভেলী, অনু: রাশেদ মামুন। |
| 260 ## - PUBLICATION, DISTRIBUTION, ETC. (IMPRINT) | |
| Place of publication, distribution, etc | ঢাকা : |
| Name of publisher, distributor, etc | নুসরাত প্রকাশনী ; |
| Date of publication, distribution, etc | 2018. |
| 300 ## - PHYSICAL DESCRIPTION | |
| Pagination | 112 p. : |
| Dimensions | 20 cm. |
| 650 ## - SUBJECT ADDED ENTRY--TOPICAL TERM | |
| Topical term or geographic name as entry element | Political ethics |
| 650 ## - SUBJECT ADDED ENTRY--TOPICAL TERM | |
| Topical term or geographic name as entry element | Political science |
| 700 ## - ADDED ENTRY--PERSONAL NAME | |
| Personal name | মামুন,রাশেদ |
| 942 ## - ADDED ENTRY ELEMENTS (KOHA) | |
| Source of classification or shelving scheme | Dewey Decimal Classification |
| Koha item type | Books |
| Source of classification or shelving scheme | Damaged status | Not for loan | Home library | Current library | Shelving location | Date of accession | Source of acquisition | Cost, normal purchase price | Full call number | Barcode | Date last seen | Copy number | Method of acquisition | Koha item type | Currency |
|---|---|---|---|---|---|---|---|---|---|---|---|---|---|---|---|
| Dewey Decimal Classification | JCC Rouf Library | JCC Rouf Library | General Stacks | 06/14/2023 | জাতীয় গ্রন্থকেন্দ্র | 200.00 | 320.1 MAC 2018 | 17868 | 07/10/2023 | C-1 | Purchase | Books | BDT |